000 00305nam a2200133Ia 4500
005 20251222155206.0
008 251222s9999||||xx |||||||||||||| ||spa||
082 _aING. 01.1
100 _aFLAMM, Jacqueline.
245 4 _aThe English Advantage
250 _a1ra. ed.
264 _bHarder
942 _cLIB
999 _c40108
_d40108